[Event "Contrecoeur-B"]
[Site "Contrecoeur CAN"]
[Date "2018.11.03"]
[Round "3.5"]
[White "Morin, Louis"]
[Black "Baran, Marius"]
[Result "1-0"]
[WhiteElo "1923"]
[BlackElo "1797"]
[PlyCount "97"]
[EventDate "2018.11.02"]
[EventType "swiss"]
[EventRounds "5"]
[EventCountry "CAN"]

1. e4 d5 2. exd5 Nf6 3. c4 c6 4. Qa4 Bd7 5. Qb3 Qb6 6. Nc3 Na6 7. Qxb6 axb6 8.
dxc6 bxc6 9. Be2 Nb4 10. Kf1 e5 11. Nf3 Nc2 12. Rb1 Bd6 13. d3 h6 14. h3 O-O
15. a3 Bf5 16. g4 Bg6 17. g5 hxg5 18. Bxg5 e4 19. dxe4 Nxe4 20. Nxe4 Bxe4 21.
Rd1 Be5 22. Bc1 Bf6 23. Rg1 Rad8 24. Rxd8 Rxd8 25. Bg5 Rd6 26. Bxf6 Rxf6 27.
Rg3 c5 28. Nd2 Bf5 29. Bd3 Bxd3+ 30. Rxd3 Nd4 31. b4 Rf4 32. b5 Kf8 33. a4 Ke7
34. a5 bxa5 35. Ra3 a4 36. Rxa4 Nxb5 37. Ra5 Nd4 38. Rxc5 Kd6 39. Rg5 g6 40.
Rg4 Ke5 41. Kg2 Kf5 42. f3 Nc2 43. Kf2 g5 44. Ne4 f6 45. Rxf4+ Kxf4 46. Nxf6
Nb4 47. Nd5+ Nxd5 48. cxd5 Ke5 49. Kg3 1-0

[Event "Contrecoeur-B"]
[Site "Contrecoeur CAN"]
[Date "2018.11.04"]
[Round "4.1"]
[White "Mok, Yuen Tak"]
[Black "Mathieu, Guillaume"]
[Result "1-0"]
[WhiteElo "1937"]
[BlackElo "1907"]
[PlyCount "77"]
[EventDate "2018.11.02"]
[EventType "swiss"]
[EventRounds "5"]
[EventCountry "CAN"]

1. e4 c5 2. c3 d5 3. exd5 Qxd5 4. d4 cxd4 5. cxd4 Nc6 6. Nf3 Bg4 7. Nc3 Qd7 8.
d5 Bxf3 9. gxf3 O-O-O 10. dxc6 Qxc6 11. Qe2 e6 12. Qc4 Qxc4 13. Bxc4 Nf6 14.
Be3 a6 15. Rg1 g6 16. h3 h6 17. Rd1 Rxd1+ 18. Kxd1 Be7 19. Ke2 Nh5 20. Rd1 Kc7
21. Kf1 g5 22. Ne2 Bd6 23. a4 Be5 24. b3 Re8 25. a5 f5 26. Bb6+ Kc6 27. Rc1 Kd7
28. b4 Ng7 29. b5 Ra8 30. bxa6 bxa6 31. Bb3 Nh5 32. Ba4+ Ke7 33. Rc6 Bd6 34.
Be3 Bb4 35. Rc7+ Kf6 36. Bd4+ Kg6 37. Bb6 Kf6 38. Bb3 Ke5 39. Rc6 1-0

[Event "Contrecoeur-B"]
[Site "Contrecoeur CAN"]
[Date "2018.11.04"]
[Round "4.2"]
[White "Demers, Alexis"]
[Black "Simard, Francis"]
[Result "1/2-1/2"]
[WhiteElo "1745"]
[BlackElo "1890"]
[PlyCount "52"]
[EventDate "2018.11.02"]
[EventType "swiss"]
[EventRounds "5"]
[EventCountry "CAN"]

1. d4 d5 2. c4 e6 3. Nf3 c5 4. e3 Nf6 5. Be2 Nc6 6. O-O Be7 7. b3 O-O 8. Bb2 b6
9. Nbd2 Bb7 10. Rc1 Rc8 11. Ne5 cxd4 12. Nxc6 Bxc6 13. exd4 dxc4 14. Nxc4 Nd5
15. Ne5 Bb7 16. Bf3 Ba6 17. Re1 Bb4 18. Nc6 Rxc6 19. Rxc6 Qd7 20. Rc2 Bxe1 21.
Qxe1 Rc8 22. Rxc8+ Bxc8 23. h3 f6 24. Qc1 Bb7 25. Ba3 Ne7 26. Bxb7 Qxb7 1/2-1/2

[Event "Contrecoeur-B"]
[Site "Contrecoeur CAN"]
[Date "2018.11.04"]
[Round "4.3"]
[White "Duplessis, Jean-Roch"]
[Black "Mathieu, Jeremie"]
[Result "1/2-1/2"]
[WhiteElo "1733"]
[BlackElo "1730"]
[PlyCount "33"]
[EventDate "2018.11.02"]
[EventType "swiss"]
[EventRounds "5"]
[EventCountry "CAN"]

1. e4 e5 2. Nf3 Nc6 3. Nc3 d6 4. Bb5 Bd7 5. d4 exd4 6. Nxd4 Nxd4 7. Bxd7+ Qxd7
8. Qxd4 Nf6 9. Bg5 Be7 10. O-O-O h6 11. Bh4 c5 12. Qd3 Rd8 13. Rhe1 a6 14. f4
Qg4 15. Bg3 O-O 16. Nd5 Nxd5 17. exd5 1/2-1/2

[Event "Contrecoeur-B"]
[Site "Contrecoeur CAN"]
[Date "2018.11.04"]
[Round "4.4"]
[White "Laroche, Hugo"]
[Black "Yan, Alex Jikai"]
[Result "1/2-1/2"]
[WhiteElo "1649"]
[BlackElo "1616"]
[PlyCount "58"]
[EventDate "2018.11.02"]
[EventType "swiss"]
[EventRounds "5"]
[EventCountry "CAN"]

1. d4 d5 2. Bf4 Nf6 3. Nf3 Bf5 4. e3 e6 5. Nbd2 Bd6 6. Bg3 O-O 7. Bd3 Bg6 8.
Bxg6 fxg6 9. Ne5 Nh5 10. f4 Nxg3 11. hxg3 c5 12. c3 Nd7 13. Nxd7 Qxd7 14. Nf3
Qb5 15. Qe2 Qxe2+ 16. Kxe2 h6 17. Ne5 Bxe5 18. dxe5 Rac8 19. Rhd1 Rfd8 20. Rd2
Kf7 21. Rad1 Ke7 22. e4 dxe4 23. Rxd8 Rxd8 24. Rxd8 Kxd8 25. Ke3 g5 26. Kxe4
gxf4 27. gxf4 g6 28. b4 cxb4 29. cxb4 Kd7 1/2-1/2

[Event "Contrecoeur-B"]
[Site "Contrecoeur CAN"]
[Date "2018.11.04"]
[Round "4.5"]
[White "Laberge, Luc"]
[Black "Morin, Louis"]
[Result "0-1"]
[WhiteElo "1449"]
[BlackElo "1923"]
[PlyCount "88"]
[EventDate "2018.11.02"]
[EventType "swiss"]
[EventRounds "5"]
[EventCountry "CAN"]

1. e4 c5 2. f4 e5 3. Nf3 exf4 4. d4 g5 5. h3 Bg7 6. d5 d6 7. Bb5+ Bd7 8. Bxd7+
Nxd7 9. c3 h6 10. Na3 Ne5 11. Nxe5 Bxe5 12. Qc2 Nf6 13. Nc4 Qe7 14. Bd2 Kf8 15.
O-O-O Kg7 16. Rde1 Qc7 17. Nxe5 dxe5 18. Qd3 c4 19. Qf3 b5 20. g3 Rae8 21. Rhg1
Kh7 22. Rg2 Rhg8 23. Rh1 Qd7 24. g4 Kg7 25. Rd1 Rd8 26. Re2 Ne8 27. Qf2 Nd6 28.
Rh1 f6 29. Qf3 Rh8 30. Be1 Qc7 31. Reh2 Nb7 32. Bf2 Nc5 33. Bxc5 Qxc5 34. Rd1
Rd6 35. Qf2 Qxf2 36. Rxf2 h5 37. gxh5 Rxh5 38. Rf3 Kg6 39. Kc2 Rh7 40. b3 f5
41. Re1 fxe4 42. Rxe4 Kf5 43. Ree3 e4 44. Rf1 Rxd5 0-1

[Event "Contrecoeur-B"]
[Site "Contrecoeur CAN"]
[Date "2018.11.04"]
[Round "5.1"]
[White "Simard, Francis"]
[Black "Mok, Yuen Tak"]
[Result "1/2-1/2"]
[WhiteElo "1890"]
[BlackElo "1937"]
[PlyCount "26"]
[EventDate "2018.11.02"]
[EventType "swiss"]
[EventRounds "5"]
[EventCountry "CAN"]

1. Nf3 d5 2. d4 Nf6 3. c4 e6 4. Nc3 c6 5. Bg5 Be7 6. e3 Nbd7 7. Rc1 O-O 8. Bd3
dxc4 9. Bxc4 b5 10. Bd3 a6 11. O-O c5 12. dxc5 Nxc5 13. Bb1 Qxd1 1/2-1/2

[Event "Contrecoeur-B"]
[Site "Contrecoeur CAN"]
[Date "2018.11.04"]
[Round "5.2"]
[White "Yan, Alex Jikai"]
[Black "Mathieu, Jeremie"]
[Result "1/2-1/2"]
[WhiteElo "1616"]
[BlackElo "1730"]
[PlyCount "47"]
[EventDate "2018.11.02"]
[EventType "swiss"]
[EventRounds "5"]
[EventCountry "CAN"]

1. e4 e5 2. Nf3 Nc6 3. Bc4 Bc5 4. d3 Nf6 5. O-O d6 6. Be3 Bb6 7. Nc3 Bg4 8. h3
Bh5 9. Na4 O-O 10. Nxb6 axb6 11. g4 Bg6 12. Bg5 h6 13. Bh4 Na5 14. Bb3 Nxb3 15.
axb3 Qe7 16. Qd2 Qe6 17. Bg3 Nd7 18. Nh4 Bh7 19. Nf5 Bxf5 20. gxf5 Qe7 21. f4
f6 22. Kh2 Kh7 23. Ra3 Ra6 24. Rfa1 1/2-1/2

[Event "Contrecoeur-B"]
[Site "Contrecoeur CAN"]
[Date "2018.11.04"]
[Round "5.4"]
[White "Laberge, Luc"]
[Black "Laroche, Hugo"]
[Result "1/2-1/2"]
[WhiteElo "1449"]
[BlackElo "1649"]
[PlyCount "62"]
[EventDate "2018.11.02"]
[EventType "swiss"]
[EventRounds "5"]
[EventCountry "CAN"]

1. d4 Nf6 2. c4 e6 3. a3 d5 4. Nc3 Nbd7 5. c5 b6 6. b4 a5 7. c6 axb4 8. cxd7+
Bxd7 9. Nb1 bxa3 10. Bxa3 Bb4+ 11. Bxb4 Rxa1 12. Nf3 c5 13. Bc3 Ra8 14. e3 O-O
15. dxc5 bxc5 16. Bd3 c4 17. Bc2 Qe7 18. O-O Rfb8 19. Ne5 Qd6 20. Nxc4 Qc5 21.
Bxf6 Qxc4 22. Bd4 f6 23. Nd2 Qc6 24. f4 Qc7 25. Bd3 Bb5 26. Bxb5 Rxb5 27. Qg4
Qe7 28. Rc1 Rbb8 29. h4 Rc8 30. Rb1 Rab8 31. Ra1 Ra8 1/2-1/2

[Event "Contrecoeur-B"]
[Site "Contrecoeur CAN"]
[Date "2018.11.04"]
[Round "5.5"]
[White "Mathieu, Guillaume"]
[Black "Demers, Alexis"]
[Result "1-0"]
[WhiteElo "1907"]
[BlackElo "1745"]
[PlyCount "67"]
[EventDate "2018.11.02"]
[EventType "swiss"]
[EventRounds "5"]
[EventCountry "CAN"]

1. d4 Nf6 2. Nf3 g6 3. Bg5 Bg7 4. Nbd2 d5 5. e3 O-O 6. c4 c6 7. Bd3 Nbd7 8. O-O
b6 9. cxd5 cxd5 10. Rc1 Bb7 11. Qb3 Ne4 12. Bh4 Ndf6 13. Bxe4 Nxe4 14. Nxe4
dxe4 15. Ne5 Qd6 16. Bg3 Bd5 17. Qc3 Qe6 18. b3 f6 19. Nc6 Rfc8 20. Nxe7+ Qxe7
21. Qxc8+ Rxc8 22. Rxc8+ Bf8 23. Rfc1 Be6 24. Rb8 Qa3 25. Rc7 Qxa2 26. h4 Qxb3
27. Bd6 Bf7 28. Bxf8 Qb5 29. Bh6+ Be8 30. Rg7+ Kf8 31. Rxa7+ Kg8 32. Rg7+ Kf8
33. Rxh7+ Kg8 34. Re7 1-0

[Event "Contrecoeur-C"]
[Site "Contrecoeur CAN"]
[Date "2018.11.02"]
[Round "1.3"]
[White "Jiang, Barron Jiyu"]
[Black "Sonn, Eric"]
[Result "0-1"]
[WhiteElo "1422"]
[BlackElo "1479"]
[PlyCount "136"]
[EventDate "2018.11.02"]
[EventType "swiss"]
[EventRounds "5"]
[EventCountry "CAN"]

1. e4 c5 2. Nf3 e6 3. d4 cxd4 4. Nxd4 a6 5. a3 Qc7 6. Nc3 Nf6 7. Be2 Nc6 8. O-O
d6 9. Be3 Be7 10. Nb3 b5 11. f4 O-O 12. Bf3 Bb7 13. Qe2 Rac8 14. Rad1 Nd7 15.
Bf2 Nb6 16. Bxb6 Qxb6+ 17. Kh1 Na5 18. Nxa5 Qxa5 19. f5 exf5 20. exf5 Bxf3 21.
Rxf3 Rfe8 22. Re3 Qd8 23. Re1 Kf8 24. Nd5 Bg5 25. Rxe8+ Qxe8 26. Qxe8+ Rxe8 27.
Rxe8+ Kxe8 28. Nc7+ Kd7 29. Nxa6 Bc1 30. Nb4 Bxb2 31. Nd3 Bxa3 32. Kg1 Kc6 33.
Kf2 Kd5 34. Ke3 Bc5+ 35. Nxc5 dxc5 36. g4 f6 37. Kd3 Ke5 38. Ke3 Kd5 39. Kd3 b4
40. h3 c4+ 41. Ke3 b3 42. cxb3 cxb3 43. Kd3 Ke5 44. Kc3 b2 45. Kxb2 Kf4 46. Kc3
Kg3 47. Kd4 Kxh3 48. g5 fxg5 49. Ke5 g4 50. f6 gxf6+ 51. Kxf6 h5 52. Kg5 h4 53.
Kf4 g3 54. Kf3 Kh2 55. Kf4 g2 56. Kg4 h3 57. Kf5 Kg3 58. Kg5 h2 59. Kf5 Kf3 60.
Ke5 g1=R 61. Kd4 h1=R 62. Ke5 Rg4 63. Kf5 Rh5+ 64. Kf6 Ra4 65. Kg6 Rb5 66. Kf6
Ra6+ 67. Kg7 Rb7+ 68. Kh8 Ra8# 0-1

[Event "Contrecoeur-C"]
[Site "Contrecoeur CAN"]
[Date "2018.11.02"]
[Round "1.4"]
[White "Roy, Jean-Marie"]
[Black "Menard, Marc"]
[Result "1-0"]
[WhiteElo "1497"]
[BlackElo "1323"]
[PlyCount "75"]
[EventDate "2018.11.02"]
[EventType "swiss"]
[EventRounds "5"]
[EventCountry "CAN"]

1. d4 Nf6 2. c4 e6 3. Nf3 Bb4+ 4. Nbd2 O-O 5. e3 d5 6. a3 Be7 7. Bd3 c5 8. dxc5
Bxc5 9. O-O Nbd7 10. Qc2 g6 11. cxd5 Nxd5 12. b4 Be7 13. Bb2 Bf6 14. Rac1 a6
15. Rfd1 b5 16. Ne4 Bg7 17. Be2 N7f6 18. Nc5 Qc7 19. Be5 Qe7 20. Nd4 Bb7 21.
Qb2 Rac8 22. Bf3 Rfd8 23. Ndb3 Ra8 24. Nxb7 Qxb7 25. Na5 Qe7 26. Nc6 Qd7 27.
Nxd8 Rxd8 28. e4 Qa7 29. exd5 exd5 30. Bxf6 Bxf6 31. Qxf6 Qd7 32. Rd4 Qe8 33.
Kf1 Rc8 34. Rcd1 Rc3 35. Rxd5 Rxa3 36. Rd8 Kf8 37. Rxe8+ Kxe8 38. Rd8# 1-0

[Event "Contrecoeur-C"]
[Site "Contrecoeur CAN"]
[Date "2018.11.02"]
[Round "1.5"]
[White "Berlinguet, Etienne"]
[Black "Frechette, Rejean"]
[Result "0-1"]
[WhiteElo "1307"]
[BlackElo "1355"]
[PlyCount "96"]
[EventDate "2018.11.02"]
[EventType "swiss"]
[EventRounds "5"]
[EventCountry "CAN"]

1. e4 Nf6 2. Nc3 e5 3. Nf3 d6 4. Bc4 Be7 5. O-O Bg4 6. h3 Bh5 7. d3 c6 8. g4
Bg6 9. Be3 b5 10. Bb3 a5 11. a4 b4 12. Ne2 Qc8 13. Nh2 h5 14. Ng3 hxg4 15. Nxg4
Rxh3 16. Nxf6+ Bxf6 17. d4 Rh8 18. Qf3 Qh3 19. Qg2 Nd7 20. Qxh3 Rxh3 21. Kg2
Rh7 22. Rad1 Ke7 23. f4 exf4 24. Bxf4 d5 25. exd5 cxd5 26. Rfe1+ Kd8 27. Rd2
Nb6 28. Be5 Bg5 29. Rf1 Bxd2 30. c3 bxc3 31. bxc3 Kd7 32. Rf2 Bg5 33. Bd1 Rah8
34. Bg4+ Kc6 35. Nf1 f6 36. Bg3 Be4+ 37. Bf3 Bd3 38. c4 Nxc4 39. Be2 Bg6 40.
Bf3 Bh4 41. Rc2 Bxg3 42. Rxc4+ Kd6 43. Rc5 Be1 44. Rxd5+ Ke6 45. Rb5 Bd3 46.
Rb6+ Kd7 47. Rb7+ Kc8 48. Bc6 g6 0-1

[Event "Contrecoeur-C"]
[Site "Contrecoeur CAN"]
[Date "2018.11.02"]
[Round "1.6"]
[White "Pincince, Jacques"]
[Black "Perron, Bernard"]
[Result "1-0"]
[WhiteElo "1516"]
[BlackElo "1248"]
[PlyCount "87"]
[EventDate "2018.11.02"]
[EventType "swiss"]
[EventRounds "5"]
[EventCountry "CAN"]

1. e4 e5 2. Bc4 Nf6 3. Nc3 c6 4. Nf3 d5 5. exd5 cxd5 6. Bb5+ Nc6 7. Nxe5 Qe7 8.
d4 Bd7 9. Bxc6 bxc6 10. O-O Qd6 11. Re1 Be7 12. Bf4 Qb4 13. Rb1 Qb7 14. Qe2 O-O
15. Nxd7 Qxd7 16. Qxe7 Qf5 17. Qe3 Qxc2 18. Qd2 Qf5 19. Re5 Qg6 20. Rg5 Ne4 21.
Nxe4 Qxe4 22. Re1 Qxe1+ 23. Qxe1 Rfe8 24. Qd2 f6 25. Rg3 Re4 26. Be3 Rb8 27. b3
Kf7 28. h3 g6 29. Qa5 Re7 30. Kh2 Rb5 31. Qd2 Rb8 32. h4 Re4 33. Rh3 Rbe8 34.
Qa5 R8e7 35. Qd8 R4e6 36. Qh8 f5 37. Qxh7+ Ke8 38. Qg8+ Kd7 39. Bg5 Re8 40.
Qf7+ Kc8 41. Qxa7 Re2 42. Be3 Re4 43. Qa6+ Kd7 44. Qxe2 1-0

[Event "Contrecoeur-C"]
[Site "Contrecoeur CAN"]
[Date "2018.11.02"]
[Round "1.7"]
[White "Bilodeau-Savaria, Carl-William"]
[Black "Podariu, Cristian"]
[Result "1-0"]
[WhiteElo "1187"]
[BlackElo "1465"]
[PlyCount "108"]
[EventDate "2018.11.02"]
[EventType "swiss"]
[EventRounds "5"]
[EventCountry "CAN"]

1. e4 c5 2. Nf3 e6 3. d4 cxd4 4. Nxd4 a6 5. Nc3 Qc7 6. Qf3 Nf6 7. g3 d6 8. Bg2
Nc6 9. Nxc6 bxc6 10. e5 Nd5 11. exd6 Bxd6 12. O-O O-O 13. Re1 Bb4 14. a3 Bxc3
15. bxc3 Bd7 16. c4 Qa5 17. Bb2 Ne7 18. Bc3 Qc7 19. h4 Rac8 20. h5 f6 21. Re4
e5 22. Rh4 Nf5 23. Rh1 Nh6 24. Bd2 f5 25. Bxh6 gxh6 26. Qe3 Qd6 27. Kh2 f4 28.
Qd3 Qxd3 29. cxd3 f3 30. Bh3 Rcd8 31. Bxd7 Rxd7 32. Rhd1 c5 33. Rab1 Rd6 34. g4
Rf7 35. Rb8+ Kg7 36. Rc8 e4 37. Rxc5 Rfd7 38. d4 Rxd4 39. Rxd4 Rxd4 40. Kg3 Rd3
41. Re5 Rd4 42. Kf4 Rxc4 43. Rxe4 Rc3 44. Ra4 Rc6 45. Kxf3 Kf6 46. Kf4 Rb6 47.
Ke4 Re6+ 48. Kd4 Kg5 49. Kd5 Rf6 50. Ke5 Rxf2 51. Rxa6 Kxg4 52. Rxh6 Rf5+ 53.
Ke6 Rxh5 54. Rxh5 Kxh5 1-0

[Event "Contrecoeur-C"]
[Site "Contrecoeur CAN"]
[Date "2018.11.02"]
[Round "1.8"]
[White "Hernandez, Juan Felipe"]
[Black "Letarte-Lavoie, Francis"]
[Result "1/2-1/2"]
[WhiteElo "1556"]
[BlackElo "1233"]
[PlyCount "173"]
[EventDate "2018.11.02"]
[EventType "swiss"]
[EventRounds "5"]
[EventCountry "CAN"]

1. e4 e6 2. d4 d5 3. e5 c5 4. c3 Nc6 5. Nf3 Bd7 6. Be2 Qc7 7. O-O f6 8. Bf4
O-O-O 9. Bg3 f5 10. Na3 a6 11. c4 Qb6 12. cxd5 exd5 13. dxc5 Qxb2 14. Qd3 Nb4
15. Qe3 d4 16. Nxd4 Nd5 17. Qd3 Nb4 18. Qe3 Nd5 19. Qf3 Qxd4 20. Rfd1 Qc3 21.
Qxd5 Ne7 22. Qb3 Qxb3 23. axb3 g5 24. f4 Ng6 25. fxg5 Bxc5+ 26. Kf1 Bxa3 27.
Rxa3 f4 28. Bf2 Nxe5 29. Bd4 Rde8 30. Ra5 Nc6 31. Rc5 Rhf8 32. Bf6 Rxe2 33.
Kxe2 Bg4+ 34. Kd2 Bxd1 35. Kxd1 Re8 36. Rc4 Re3 37. b4 f3 38. gxf3 Rxf3 39. h4
Kd7 40. Ke2 Rh3 41. Re4 Kd6 42. Kf2 Kd5 43. Rf4 Ke6 44. Bg7 Rb3 45. Bf8 Ne5 46.
Re4 Kf5 47. Rd4 Nd3+ 48. Ke2 Nf4+ 49. Kf2 Rb2+ 50. Kf3 Rb3+ 51. Kf2 Ne6 52. Rd6
Nxf8 53. Rf6+ Kg4 54. Rxf8 Kxh4 55. Rf7 Rxb4 56. Rxh7+ Kxg5 57. Re7 Kf6 58. Re8
a5 59. Ke2 a4 60. Kd2 b5 61. Kc3 Rb3+ 62. Kd4 Kf7 63. Rc8 Rg3 64. Rb8 Rg5 65.
Kc3 Ke6 66. Kb4 Kd7 67. Rh8 Rd5 68. Rh7+ Kc6 69. Rh4 Rd6 70. Rg4 Kb6 71. Rf4
Rc6 72. Rg4 a3 73. Kxa3 Ka5 74. Kb3 Re6 75. Rg3 Re4 76. Rf3 Re1 77. Kb2 b4 78.
Rg3 Ka4 79. Rf3 Re2+ 80. Kb1 b3 81. Rf1 Ka3 82. Rg1 Re3 83. Rf1 b2 84. Rg1 Kb3
85. Rf1 Kc3 86. Rg1 Rd3 87. Rf1 1/2-1/2

[Event "Contrecoeur-C"]
[Site "Contrecoeur CAN"]
[Date "2018.11.02"]
[Round "1.9"]
[White "Bilodeau-Savaria, Sandy-Rose"]
[Black "Moreau, Michel"]
[Result "0-1"]
[WhiteElo "1052"]
[BlackElo "1419"]
[PlyCount "64"]
[EventDate "2018.11.02"]
[EventType "swiss"]
[EventRounds "5"]
[EventCountry "CAN"]

1. d4 d5 2. c4 c6 3. Nf3 Nf6 4. Nc3 dxc4 5. e4 b5 6. a4 b4 7. e5 Nd5 8. Ne4 e6
9. Bxc4 Ba6 10. Qb3 Bxc4 11. Qxc4 a5 12. O-O Be7 13. Bd2 O-O 14. Qc1 Qb6 15.
Bh6 Kh8 16. Re1 Nd7 17. g4 gxh6 18. Qxh6 Rg8 19. g5 Rg6 20. Qh4 Rag8 21. Kh1
R8g7 22. Rg1 Qa6 23. Qh5 Qe2 24. Nf6 N7xf6 25. exf6 Bxf6 26. gxf6 Rxg1+ 27.
Rxg1 Rxg1+ 28. Kxg1 Qd1+ 29. Kg2 Nf4+ 30. Kg3 Nxh5+ 31. Kh4 Nxf6 32. Ne5 Qxd4+
0-1

[Event "Contrecoeur-C"]
[Site "Contrecoeur CAN"]
[Date "2018.11.03"]
[Round "2.1"]
[White "Cassista, Jeremie"]
[Black "Pincince, Jacques"]
[Result "1-0"]
[WhiteElo "1529"]
[BlackElo "1516"]
[PlyCount "91"]
[EventDate "2018.11.02"]
[EventType "swiss"]
[EventRounds "5"]
[EventCountry "CAN"]

1. e4 c5 2. c3 d6 3. d4 cxd4 4. cxd4 Nf6 5. Nc3 a6 6. Bd3 Bd7 7. Nf3 e6 8. O-O
Be7 9. Be3 O-O 10. Qc2 Nc6 11. a3 h6 12. d5 exd5 13. exd5 Ne5 14. Nxe5 dxe5 15.
Bf5 Bd6 16. Rfd1 Rc8 17. Rac1 Qe7 18. Qd3 Bxf5 19. Qxf5 Rfe8 20. Ne4 Nxe4 21.
Rxc8 Nf6 22. Rdc1 g6 23. Rxe8+ Nxe8 24. Qc8 Kg7 25. Bc5 Nf6 26. Bxd6 Qxd6 27.
Qxb7 e4 28. h3 Qf4 29. Qc7 Qd2 30. Qc3 Qxd5 31. b4 Qf5 32. Qd4 Qf4 33. Rc6 g5
34. Rxa6 Qc1+ 35. Kh2 Qf4+ 36. g3 Qf3 37. Qxf6+ Qxf6 38. Rxf6 Kxf6 39. b5 Ke6
40. a4 Kd6 41. a5 Kc7 42. a6 f5 43. Kg2 h5 44. f3 e3 45. f4 g4 46. h4 1-0

[Event "Contrecoeur-C"]
[Site "Contrecoeur CAN"]
[Date "2018.11.03"]
[Round "2.2"]
[White "Frechette, Rejean"]
[Black "Couture-Harpin, Nicolas"]
[Result "0-1"]
[WhiteElo "1355"]
[BlackElo "1510"]
[PlyCount "40"]
[EventDate "2018.11.02"]
[EventType "swiss"]
[EventRounds "5"]
[EventCountry "CAN"]

1. d4 Nf6 2. c4 e6 3. Nc3 Bb4 4. Qc2 O-O 5. Bg5 c5 6. e3 h6 7. Bh4 Nc6 8. dxc5
g5 9. Bg3 Bxc3+ 10. bxc3 e5 11. Bd3 Qe7 12. Rb1 Nh5 13. Rb5 a6 14. Rb2 Qxc5 15.
Qe2 Nf6 16. h4 e4 17. Bc2 g4 18. a4 d5 19. Be5 Nxe5 20. cxd5 Qxc3+ 0-1

[Event "Contrecoeur-C"]
[Site "Contrecoeur CAN"]
[Date "2018.11.03"]
[Round "2.3"]
[White "Sonn, Eric"]
[Black "Bilodeau-Savaria, Carl-William"]
[Result "1-0"]
[WhiteElo "1479"]
[BlackElo "1187"]
[PlyCount "47"]
[EventDate "2018.11.02"]
[EventType "swiss"]
[EventRounds "5"]
[EventCountry "CAN"]

1. e4 e5 2. Nf3 Nc6 3. Bb5 a6 4. Ba4 Nf6 5. Qe2 b5 6. Bb3 d6 7. c3 Bb7 8. d3
Be7 9. Nbd2 O-O 10. O-O h6 11. Rd1 Na5 12. Bc2 c5 13. Nf1 Nh7 14. Ng3 Nc6 15.
Nf5 Bf6 16. h4 Ne7 17. d4 cxd4 18. cxd4 Nxf5 19. exf5 Bxf3 20. Qxf3 exd4 21. g3
Be5 22. a4 Qb6 23. Qd3 Nf6 24. f4 1-0

[Event "Contrecoeur-C"]
[Site "Contrecoeur CAN"]
[Date "2018.11.03"]
[Round "2.4"]
[White "Moreau, Michel"]
[Black "Roy, Jean-Marie"]
[Result "1/2-1/2"]
[WhiteElo "1419"]
[BlackElo "1497"]
[PlyCount "83"]
[EventDate "2018.11.02"]
[EventType "swiss"]
[EventRounds "5"]
[EventCountry "CAN"]

1. d4 Nf6 2. Bf4 d5 3. e3 c6 4. Nf3 Bg4 5. h3 Bf5 6. Nbd2 e6 7. Nh4 Be4 8. Nhf3
Nbd7 9. Nxe4 dxe4 10. Nd2 Qa5 11. c3 Be7 12. Qc2 Qb6 13. Nc4 Qd8 14. Nd2 O-O
15. Nxe4 Nxe4 16. Qxe4 Nf6 17. Qc2 Nd5 18. Bg3 Bh4 19. Bxh4 Qxh4 20. Qd2 Qf6
21. Bc4 Nb6 22. Be2 Rfd8 23. Qc2 e5 24. dxe5 Qxe5 25. O-O Rd6 26. Rad1 Rad8 27.
Rxd6 Rxd6 28. Rd1 Rxd1+ 29. Qxd1 Qd5 30. Qxd5 Nxd5 31. Kf1 Nb6 32. b3 Nd5 33.
c4 Nc3 34. a4 c5 35. Ke1 f6 36. Bf3 b6 37. Kd2 Na2 38. Bd1 Nb4 39. Ke2 Kf7 40.
e4 Ke6 41. Ke3 Na2 42. Bc2 1/2-1/2

[Event "Contrecoeur-C"]
[Site "Contrecoeur CAN"]
[Date "2018.11.03"]
[Round "2.6"]
[White "Cormier, Benoit"]
[Black "Straehl, Patrick"]
[Result "0-1"]
[WhiteElo "1272"]
[BlackElo "1439"]
[PlyCount "90"]
[EventDate "2018.11.02"]
[EventType "swiss"]
[EventRounds "5"]
[EventCountry "CAN"]

1. e4 c5 2. Nf3 d6 3. d4 cxd4 4. Nxd4 Nf6 5. Nc3 a6 6. Bg5 e6 7. Bd3 Be7 8. O-O
Nbd7 9. h3 O-O 10. Be3 Qc7 11. Nde2 b5 12. a3 Bb7 13. Qd2 Nc5 14. f3 Rfd8 15.
b4 Nxd3 16. cxd3 d5 17. Rac1 dxe4 18. Nxe4 Qd7 19. Rfd1 Nxe4 20. fxe4 Bxe4 21.
dxe4 Qb7 22. Qc2 Rxd1+ 23. Rxd1 Rc8 24. Qd3 h6 25. Rc1 Rd8 26. Qc2 Bf6 27. Qc6
Qxc6 28. Rxc6 Rd3 29. Kf2 Rxa3 30. Rc5 Kf8 31. Rc8+ Ke7 32. Bc5+ Kd7 33. Rf8
Ra2 34. Rxf7+ Kc6 35. g3 a5 36. Ra7 a4 37. Ra6+ Kd7 38. Rd6+ Kc7 39. Rb6 a3 40.
Rxb5 Rc2 41. Kf3 a2 42. Bd4 Bxd4 43. Nxd4 Rc3+ 44. Kf4 a1=Q 45. Nxe6+ Kd7 0-1

[Event "Contrecoeur-C"]
[Site "Contrecoeur CAN"]
[Date "2018.11.03"]
[Round "2.7"]
[White "Arcand, Pierre"]
[Black "Courtemanche, Sylvain"]
[Result "0-1"]
[WhiteElo "1175"]
[BlackElo "1443"]
[PlyCount "86"]
[EventDate "2018.11.02"]
[EventType "swiss"]
[EventRounds "5"]
[EventCountry "CAN"]

1. e4 e5 2. Nf3 Nc6 3. Nc3 Nf6 4. Bb5 Bb4 5. d3 d6 6. h3 h6 7. Bd2 O-O 8. O-O
Ne7 9. Ne2 Bxd2 10. Qxd2 Ng6 11. Rfe1 c6 12. Bc4 d5 13. exd5 cxd5 14. Bb5 Qb6
15. c4 a6 16. Ba4 dxc4 17. dxc4 Ne4 18. Qe3 Qxe3 19. fxe3 Nc5 20. Bc2 f5 21.
Rad1 e4 22. Nfd4 Ne5 23. b3 Rf6 24. Nf4 g5 25. Nd5 Rf7 26. Nb6 Rb8 27. Nxc8
Rxc8 28. Rf1 Rcf8 29. Rf2 Ncd3 30. Bxd3 Nxd3 31. Re2 Rf6 32. Rf1 f4 33. exf4
Rxf4 34. Rxf4 Rxf4 35. Nc2 Nc1 36. Rf2 Nxa2 37. Rxf4 gxf4 38. Kf2 Nc3 39. Nd4
Kf7 40. Nf5 Kg6 41. Ne7+ Kg5 42. c5 h5 43. Nd5 Nxd5 0-1

[Event "Contrecoeur-C"]
[Site "Contrecoeur CAN"]
[Date "2018.11.03"]
[Round "2.8"]
[White "Letarte-Lavoie, Francis"]
[Black "Breton, Jules"]
[Result "1-0"]
[WhiteElo "1233"]
[BlackElo "1373"]
[PlyCount "149"]
[EventDate "2018.11.02"]
[EventType "swiss"]
[EventRounds "5"]
[EventCountry "CAN"]

1. e4 c5 2. Nf3 d6 3. d4 cxd4 4. Nxd4 Nf6 5. Nc3 a6 6. Be3 Nc6 7. f3 e6 8. Qd2
Be7 9. O-O-O Qc7 10. g4 h6 11. h4 Nxd4 12. Qxd4 e5 13. Qd2 Be6 14. Be2 Nd7 15.
f4 exf4 16. Bxf4 Ne5 17. Kb1 f6 18. g5 hxg5 19. hxg5 Rxh1 20. Rxh1 O-O-O 21.
gxf6 Bxf6 22. Nd5 Qc6 23. Rd1 Kb8 24. Rg1 Qa4 25. Nc3 Qc6 26. Bg5 Qb6 27. Be3
Qc6 28. Rd1 Bc4 29. Nd5 Qb5 30. Nc3 Qc6 31. Nd5 b5 32. Nb4 Qb7 33. b3 Bxe2 34.
Qxe2 Nc6 35. Nd5 Be5 36. Bf4 a5 37. Bxe5 Nxe5 38. Qd2 b4 39. Qd4 Nc6 40. Qb6
Qxb6 41. Nxb6 Kb7 42. Nc4 Kc7 43. Rg1 Rg8 44. Ne3 g5 45. Nd5+ Kb7 46. Rf1 Ne5
47. Ne7 Rg7 48. Nf5 Rg6 49. Rd1 Kc7 50. Ne7 Re6 51. Nf5 g4 52. Rg1 Rg6 53. Kc1
Kb6 54. Kd1 Kc5 55. Ke2 Nf3 56. Rd1 Re6 57. Ke3 Ng5 58. Rd5+ Kb6 59. Nxd6 Nh3
60. Nc4+ Kb7 61. Rd7+ Ka6 62. Rg7 Kb5 63. Rxg4 Rh6 64. Rg3 Rh5 65. Rg6 Ng5 66.
Nd6+ Kc5 67. Kf4 Nh7 68. Nc4 Kd4 69. Rd6+ Kc3 70. e5 Kxc2 71. e6 Nf8 72. e7 Rh8
73. e8=Q Rh4+ 74. Kg3 Ng6 75. Qe2+ 1-0

[Event "Contrecoeur-C"]
[Site "Contrecoeur CAN"]
[Date "2018.11.03"]
[Round "2.9"]
[White "Podariu, Cristian"]
[Black "Berlinguet, Etienne"]
[Result "1-0"]
[WhiteElo "1465"]
[BlackElo "1307"]
[PlyCount "104"]
[EventDate "2018.11.02"]
[EventType "swiss"]
[EventRounds "5"]
[EventCountry "CAN"]

1. d4 Nf6 2. c4 g6 3. Nc3 Bg7 4. e4 d6 5. Nf3 O-O 6. Be2 Nbd7 7. O-O e5 8. d5
h6 9. b4 Nh7 10. Ne1 f5 11. f3 f4 12. Nd3 g5 13. c5 Ndf6 14. cxd6 cxd6 15. Bd2
h5 16. Be1 Qe8 17. Bf2 g4 18. a4 Qg6 19. Kh1 g3 20. Bg1 h4 21. Re1 Ng5 22. Bf1
Nh5 23. h3 Nxh3 24. gxh3 Rf6 25. Bg2 Bxh3 26. Bxh3 g2+ 27. Bxg2 h3 28. Bxh3
Ng3+ 29. Kh2 Nf1+ 30. Rxf1 Qg3+ 31. Kh1 Qxh3+ 32. Bh2 Rh6 33. Qe2 Kf7 34. Qg2
Qh5 35. Nf2 Rah8 36. Ng4 R6h7 37. Ra2 Bf6 38. Nxf6 Kxf6 39. Nb5 Rg7 40. Qf2 Rg3
41. Nxd6 Rhg8 42. Nxb7 Qh3 43. d6 Rb8 44. d7 Qxd7 45. Bxg3 fxg3 46. Qxg3 Rh8+
47. Rh2 Rxh2+ 48. Qxh2 Qxb7 49. Qh6+ Ke7 50. Qg7+ Kd8 51. Qxb7 a5 52. Rg1 axb4
1-0